[Event "79th GEO-ch 2020"]
[Site "Tbilisi"]
[Date "2020.02.07"]
[Round "4.1"]
[White "Paichadze, Luka"]
[Black "Sanikidze, Tornike"]
[Result "1/2-1/2"]
[WhiteElo "2550"]
[BlackElo "2451"]
[Annotator "TA"]
[PlyCount "43"]
[EventDate "2020.01.29"]
[EventType "k.o."]
[EventCountry "GEO"]
[SourceTitle "playchess.com"]
[Source "ChessBase"]
[SourceQuality "1"]

{[%evp 18,43,0,0,2,0,0,-13,0,0,0,0,0,0,0,0,0,0,0,0,0,0,0,0,0,0,0,0]} 1. e4 e5 2. Nf3 Nc6 3. Bc4 Bc5 4. c3 Nf6 5. d4 exd4 6. e5 d5 7. Bb5 Ne4 8. cxd4 Bb6 9. h3 O-O 10. O-O {The position is equal.} f6 {C54: Giuoco Piano: 4 c3 Nf6, main lines with 5 d4 and 5 d3.} 11. Bxc6 $1 {[%mdl 4] is recently more successful than 11.Nc3.} bxc6 12. Be3 fxe5 13. Nxe5 Ba6 14. Re1 $1 Ba5 15. Nxc6 {[%mdl 64] [#] Double Attack} Qh4 $1 {[%cal Re4f2]} 16. Nxa5 Rxf2 $1 {[#] White must now prevent ...Raf8!} 17. Nd2 $146 {Nxe4 is the strong threat.} ({Predecessor:} 17. Nc3 Rxg2+ 18. Kxg2 Qg3+ 19. Kh1 Qxh3+ 20. Kg1 Qg3+ 21. Kh1 Qh3+ 22. Kg1 Qg3+ 23. Kh1 Qh3+ {½-½ (23) Jobava,B (2699)-Grischuk,A (2780) Khanty-Mansiysk 2015}) 17... Rxg2+ $1 18. Kxg2 Qg3+ 19. Kh1 Qxh3+ 20. Kg1 Qg3+ 21. Kh1 Qh3+ 22. Kg1 1/2-1/2

[Event "79th GEO-ch 2020"]
[Site "Tbilisi"]
[Date "2020.02.07"]
[Round "4.1"]
[White "Shanava, Konstantine"]
[Black "Pantsulaia, Levan"]
[Result "1-0"]
[WhiteElo "2507"]
[BlackElo "2598"]
[Annotator "TA"]
[PlyCount "115"]
[EventDate "2020.01.29"]
[EventType "k.o."]
[EventCountry "GEO"]
[SourceTitle "playchess.com"]
[Source "ChessBase"]
[SourceQuality "1"]

{[%evp 14,115,-27,-31,-29,-40,-36,-39,-42,-38,-43,-56,-48,-53,-54,-60,-50,-77,-62,-106,-86,-105,-25,-25,-30,-16,-51,-43,0,2,200,135,122,132,369,351,295,-8,-8,-17,-8,-8,-8,-16,20,37,28,13,17,0,0,-68,267,263,258,260,245,231,202,164,1161,337,1162,1168,1161,1169,988,158,158,158,158,147,156,142,142,150,150,150,143,140,366,366,347,355,330,300,477,477,477,477,477,451,583,583,583,583,576,573,1869,1879,29987,29988,29988,29989]} 1. g3 d5 2. Bg2 e5 3. d3 Nf6 4. Nf3 Bd6 5. O-O O-O 6. Nc3 c6 7. e4 d4 8. Ne2 c5 {A00: Irregular Openings} 9. h3 Nc6 10. Nh4 {[#]} Re8 $146 {Black is slightly better.} ({Predecessor:} 10... Ne8 11. Nf5 Bc7 12. f4 exf4 13. Nxf4 Nd6 14. Nh5 Nxf5 15. exf5 Be5 16. Bf4 f6 17. Bxc6 bxc6 18. Bxe5 fxe5 {1-0 (41) Nilsson,A (2235)-Akvist,H (2122) Sweden 2013}) 11. a3 Be6 12. Qe1 Nd7 13. f4 f6 14. Nf5 Bf8 15. g4 c4 16. Qg3 Nc5 17. fxe5 cxd3 (17... Nxe5 18. Nexd4 cxd3 19. Nxe6 $15) (17... fxe5 $17 18. Kh2 Kh8 19. dxc4 Bxc4) 18. cxd3 $11 Nxe5 19. g5 Bxf5 20. Rxf5 Nb3 21. Rb1 $1 {And now gxf6 would win.} Qc7 $2 (21... Nxc1 $11 {and Black stays safe.} 22. Rxc1 Kh8) 22. Bf4 Qc2 23. Re1 Nxd3 $2 (23... Kh8 $16) 24. gxf6 $18 Re6 25. Rg5 $2 (25. Bh6 $1 $18 {[%cal Rf6g7]} g6 26. Nf4 (26. f7+ Kh8 $18) 26... Bxh6 27. Nxe6) 25... Rxf6 $11 26. e5 Rb6 $1 27. Be4 $1 $132 {[%cal Re4d3][%mdl 2048] White has counterplay} Nbc5 28. Bf5 $1 {Threatens to win with b4.} Nxe1 (28... Rxb2 29. Rxg7+ $1 {[%mdl 512]} Bxg7 30. Bh6 Ne6 31. Bxe6+ Kf8 32. Qxg7+ Ke8 33. Qf8#) 29. Bxc2 Nxc2 30. b4 d3 31. Nc3 Ne6 32. Nd5 (32. Rg4 $11 Rd8 33. Ne4) 32... Nxg5 $4 {[%mdl 8192]} (32... Rd8 $1 $15 {stays ahead.} 33. Qxd3 (33. Nxb6 $2 Nxf4 34. Qxf4 d2 $19) 33... Nxf4 34. Nf6+ {[%mdl 64] Discovered Attack} Rxf6 35. Qxd8 Rf7) 33. Nxb6 $18 Nd4 ({Much weaker is} 33... axb6 $6 34. Qxd3 Ne6 35. Qxc2 $18) 34. Kh1 axb6 35. Bxg5 Rxa3 36. Qg4 Nc6 $2 (36... h6) 37. Qe6+ Kh8 {[#]} 38. Qe8 $1 {[%cal Re8f8][%mdl 512]} Kg8 39. e6 {Threatening mate with Qf7+.} h6 40. Qf7+ $2 (40. e7 $18 Nxe7 41. Bxe7) 40... Kh7 $16 41. Qf5+ Kg8 {[#]} 42. Bxh6 $1 {[%mdl 512] Strongly threatening b5.} Ra1+ (42... gxh6 43. Qf7+) 43. Kg2 {[%mdl 1024] Qf7+ is the strong threat. White has strong compensation.} Ra2+ 44. Kf1 {Black must now prevent Qf7+.} Ra1+ 45. Kf2 Ra2+ 46. Ke3 {Hoping for Qf7+.} d2 $2 (46... Ne5 $16 {might work better.} 47. Kd4 Re2) 47. Qf7+ $18 {[%mdl 64] Double Attack} Kh7 48. Qxf8 {[%csl Gh6][%cal Rf8g7]} d1=N+ 49. Kd3 {[%csl Gh6][%cal Rf8g7]} Ne5+ (49... Kxh6 {is a better defense.} 50. e7 Ra3+ 51. Kc4 Nxe7) 50. Kd4 $1 {[%csl Gh6][%cal Rf8g7]} ({Worse is} 50. Ke4 Re2+ 51. Kd5 (51. Kf5 $2 Rf2+ {[%mdl 64] Skewer} 52. Bf4 Ng6 $19 {[%mdl 64] Double Attack}) 51... Nc3+ 52. Kd4 Nb5+ 53. Kd5 Nc3+ 54. Kd4 Nb5+ 55. Kd5 Nc3+ $11) 50... Nc6+ 51. Kc4 {[%csl Gh6][%cal Rf8g7]} Kxh6 52. e7 $1 {[%cal Re7e8]} Rc2+ {[#]} 53. Kd3 $1 Nxb4+ {[#]} 54. Ke4 $1 Re2+ 55. Kf3 Re3+ 56. Kg4 Nd5 57. Qh8+ Kg6 58. Qe8+ {Accuracy: White = 80%, Black = 56%.} 1-0

[Event "79th GEO-ch 2020"]
[Site "Tbilisi"]
[Date "2020.02.07"]
[Round "4.1"]
[White "Nigalidze, Gaioz"]
[Black "Morchiashvili, Bachana"]
[Result "1/2-1/2"]
[WhiteElo "2474"]
[BlackElo "2312"]
[Annotator "TA"]
[PlyCount "141"]
[EventDate "2020.01.29"]
[EventType "k.o."]
[EventCountry "GEO"]
[SourceTitle "playchess.com"]
[Source "ChessBase"]
[SourceQuality "1"]

{[%evp 24,141,65,61,65,41,47,37,45,36,23,25,42,0,0,0,18,28,72,24,29,20,64,66,145,133,145,-79,-83,-83,461,459,600,579,577,448,449,444,425,454,619,619,613,585,542,552,610,322,308,273,258,239,254,253,246,210,374,366,345,330,318,295,529,475,347,0,0,0,0,0,0,0,0,0,0,0,230,0,0,0,0,0,0,0,0,0,0,0,0,0,0,-64,-64,-77,-79,-60,-45,-101,-101,-117,-125,-190,-190,-513,-511,-507,-507,-494,-315,-356,-80,-80,-80,-80,0,0,0,0,0,0]} 1. d4 Nf6 2. c4 g6 3. Nc3 Bg7 4. e4 d6 5. Nf3 O-O 6. Be2 e5 7. O-O Nc6 8. d5 Ne7 9. Ne1 Nd7 10. Be3 f5 11. f3 f4 12. Bf2 g5 13. Rc1 Ng6 {E99: King's Indian: Classical Main Line: 9 Ne1 Nd7 10 f3 f5.} 14. Nb5 b6 15. b4 Nf6 {White is slightly better.} 16. c5 g4 17. cxd6 cxd6 18. Rc6 g3 19. hxg3 fxg3 20. Bxg3 Nh5 21. Bh2 Bh6 22. Nd3 $36 {[%mdl 2048] [#] White fights for an advantage.} (22. Nxd6 Be3+ 23. Rf2 (23. Kh1 Qh4 24. Nf5 Rxf5 25. Rxg6+ hxg6 26. g4 Ng3+ {[%mdl 64] Double Attack} 27. Kg2 Rh5 28. f4 Qh3+ 29. Kf3 Nxf1+ {[%mdl 64] Discovered Attack} 30. Bg3 Qxg3#) 23... Bd7 $15) 22... Be3+ $146 ({Predecessor:} 22... Bd7 23. Rxd6 Qe7 24. Rxd7 Qxd7 25. Na3 Qg7 26. Nc2 Ngf4 27. g4 Nxd3 28. Qxd3 Nf4 29. Bxf4 Bxf4 {½-½ (44) Woznica,M (2351)-Fritsche,F (2353) ICCF email 2018}) 23. Kh1 Bd7 (23... Rf6 $14) 24. Rxd6 $16 Qe7 25. g4 $2 (25. Rxd7 $1 $16 {is forced if you want to stay better.} Qxd7 26. d6 (26. Nxe5 Nxe5 27. Bxe5 Qe8 $15) 26... Qxb5 27. Qb3+ (27. Nf4 Qxb4 28. Qd5+ Kh8 $14) 27... Kh8 28. Nf4 {[%mdl 64] Discovered Attack}) 25... Bxb5 $17 26. Re6 Qg7 $2 {[%mdl 8192]} (26... Qh4 $1 $17 {keeps the pressure on.} 27. gxh5 Bxd3 28. Bxd3 Nf4 {[%mdl 64] Double Attack}) 27. gxh5 $18 Nh4 {[%csl Gh4][%cal Rg7g2]} 28. Ne1 Bd7 29. Qd3 Bd4 30. h6 Qf7 31. Bxe5 Qh5 {( -> ...Nxf3+)} 32. Bh2 Bf6 33. f4 Qxh6 34. Rd6 Be8 35. e5 Bg6 36. Rg1 Bg7 37. Rdxg6 Nxg6 38. Ng2 Kh8 {Black wants to play ...Nxe5.} 39. Qe4 Rac8 $2 (39... Rae8) 40. Bg4 Rc3 {intending ...Rg3.} 41. d6 Rg3 42. Qe2 $1 Rxg2 $2 (42... Nxf4 43. Nxf4 Rxg1+ 44. Kxg1 Rxf4) 43. Qxg2 Nxf4 44. Qe4 $2 ({Only move:} 44. Qd2 $18 Qh4 45. Qe3) 44... Ng6 $11 45. Kg2 Nh4+ 46. Kh1 Ng6 47. d7 {Hoping for e6.} Bxe5 $1 {[%csl Ge5][%cal Rh6h2]} 48. Qe2 Bxh2 49. Qxh2 Qxh2+ 50. Kxh2 {[%mdl 4096] Endgame KRB-KRN} Ne5 $1 51. Rd1 Nxg4+ {KRN-KR} 52. Kg3 Rd8 $1 {aiming for ...Nf6.} 53. Kxg4 {KR-KR} Kg7 54. Kf5 Kf7 55. Ke5 {Threatens to win with Kd6.} Ke7 56. Rh1 Rh8 57. Rd1 (57. Rh6 $11) 57... h5 $15 58. Rd4 Kd8 $1 59. Kf6 {Kg7 is the strong threat.} Rh7 60. Rh4 ({Better is} 60. a4 $15) 60... Kxd7 $17 61. Kg6 Rh8 62. Kg7 (62. Kf5 $17 {keeps fighting.}) 62... Re8 $19 63. Rxh5 $2 {[#]} (63. Kg6) 63... Re2 $1 {[%cal Re2a2]} 64. a4 Re4 65. Kf6 Kc6 66. Rh7 {[#]} a6 $2 ({Not} 66... Rxb4 67. Rxa7 Rg4 68. Kf5 $11) (66... a5 $1 $19 {has better winning chances.} 67. bxa5 bxa5) 67. a5 $17 Rxb4 68. axb6 a5 (68... Rxb6 $17 69. Ke5 Kc5) 69. b7 $11 {The position is equal.} a4 70. Rh4 Rxb7 71. Rxa4 {Accuracy: White = 70%, Black = 65%.} 1/2-1/2

[Event "79th GEO-ch 2020"]
[Site "Tbilisi"]
[Date "2020.02.08"]
[Round "4.2"]
[White "Pantsulaia, Levan"]
[Black "Shanava, Konstantine"]
[Result "1/2-1/2"]
[WhiteElo "2598"]
[BlackElo "2507"]
[Annotator "TA"]
[PlyCount "78"]
[EventDate "2020.01.29"]
[EventType "k.o."]
[EventCountry "GEO"]
[SourceTitle "playchess.com"]
[Source "ChessBase"]
[SourceQuality "1"]

{[%evp 10,78,6,8,27,33,34,28,38,32,44,49,43,49,68,58,69,74,72,55,70,74,116,58,56,57,65,65,80,76,58,58,56,58,60,54,47,45,43,44,49,50,56,58,31,11,0,-232,-221,-231,-233,-242,-256,-254,-281,-126,-135,-127,-128,-128,-120,-131,-129,-244,-152,-144,-139,-116,0,-108,0]} 1. c4 e5 2. g3 Nc6 3. Bg2 g6 4. Nc3 Bg7 5. d3 d6 6. Rb1 h6 {A25: English Opening vs King's Indian with ...Nc6 but without early d3.} 7. b4 a6 8. e3 {[#]} Nf6 $146 {White has an edge.} ({Predecessor:} 8... f5 9. Nge2 Nf6 10. Nd5 O-O 11. O-O Nh5 12. b5 axb5 13. cxb5 Ne7 14. a4 Kh7 15. Nxe7 Qxe7 {½-½ (37) Khasin,A (2470)-Svidler,P (2550) Elista 1994}) 9. Nge2 O-O 10. O-O Bf5 11. e4 Bg4 12. h3 Bxe2 13. Nxe2 Nd7 14. h4 h5 15. Bh3 a5 {[#]} 16. a3 (16. b5 $1 $16 {[%cal Rb5c6]} Nd4 17. Nxd4 exd4 18. f4) 16... axb4 $14 17. axb4 Nb6 18. Bg5 Qe8 19. c5 Na4 20. cxd6 cxd6 21. Qb3 Nd4 22. Nxd4 exd4 23. Qc4 b5 24. Qc7 Qb8 25. Qc6 {Threatens to win with Be7.} Ra7 26. Ra1 Be5 27. f4 Bg7 28. f5 $2 (28. e5 $11 {and White is okay.} dxe5 29. f5) 28... Rc8 $19 29. Qd5 Nc3 30. Qb3 Rxa1 31. Rxa1 {Hoping for fxg6.} d5 $1 32. Kf2 {[#] and if fxg6 works, White does fine.} Nxe4+ $1 {[%mdl 512]} 33. dxe4 Rc3 {[%mdl 64] ( -> ...Qxg3+). Double Attack} 34. Bf4 Qxf4+ $1 (34... Rxb3 $2 {is the wrong capture.} 35. Bxb8 dxe4 36. fxg6 $16) 35. gxf4 Rxb3 36. Ra8+ (36. Bg2 $17) 36... Bf8 37. Bg2 Rb2+ 38. Kg3 Rb3+ 39. Kf2 Rb2+ {Accuracy: White = 84%, Black = 86%.} ({Better is} 39... d3 $17 40. Rd8 gxf5 41. exf5 Rb2+ 42. Kg3 Kg7 43. Rxd5 d2) 1/2-1/2

[Event "79th GEO-ch 2020"]
[Site "Tbilisi"]
[Date "2020.02.08"]
[Round "4.2"]
[White "Sanikidze, Tornike"]
[Black "Paichadze, Luka"]
[Result "0-1"]
[WhiteElo "2451"]
[BlackElo "2550"]
[Annotator "ChessBase"]
[PlyCount "128"]
[EventDate "2020.01.29"]
[EventType "k.o."]
[EventCountry "GEO"]
[SourceTitle "playchess.com"]
[Source "ChessBase"]
[SourceQuality "1"]
[TimeControl "40/5400+30:1800+30"]

1. d4 {[%emt 0:00:00]} Nf6 {[%emt 0:00:00]} 2. c4 {[%emt 0:00:00]} e6 {[%emt 0:00:00]} 3. Nf3 {[%emt 0:00:20]} Bb4+ {[%emt 0:00:07]} 4. Bd2 {[%emt 0:00:59]} a5 {[%emt 0:00:39]} 5. g3 {[%emt 0:00:31]} b6 {[%emt 0:01:20]} 6. Bg2 {[%emt 0:02:34]} Bb7 {[%emt 0:00:25]} 7. O-O {[%emt 0:00:20]} O-O {[%emt 0:00:32]} 8. Bf4 {[%emt 0:01:19]} Be7 {[%emt 0:02:45]} 9. Nc3 {[%emt 0:00:23]} Ne4 {[%emt 0:08:22]} 10. Nb5 {[%emt 0:09:27]} Na6 {[%emt 0:09:24]} 11. Rc1 {[%emt 0:06:29]} c6 {[%emt 0:08:14]} 12. Nc3 {[%emt 0:12:18]} Nxc3 {[%emt 0:00:24]} 13. bxc3 {[%emt 0:07:44]} c5 {[%emt 0:08:10]} 14. d5 {[%emt 0:16:05]} exd5 {[%emt 0:11:13]} 15. cxd5 {[%emt 0:01:17]} b5 {[%emt 0:00:23]} 16. d6 {[%emt 0:06:55]} Bf6 {[%emt 0:00:13]} 17. Qd3 {[%emt 0:02:32]} Bc6 {[%emt 0:08:08]} 18. c4 {[%emt 0:09:09]} Rb8 {[%emt 0:04:38]} 19. cxb5 {[%emt 0:10:57]} Bxb5 {[%emt 0:00:37]} 20. Qd2 {[%emt 0:00:01]} Re8 {[%emt 0:01:45]} 21. Rfe1 {[%emt 0:00:06]} Bc6 {[%emt 0:00:28]} 22. h4 {[%emt 0:02:45]} Rb2 {[%emt 0:06:34]} 23. Rc2 {[%emt 0:00:14]} Rxc2 {[%emt 0:00:18]} 24. Qxc2 {[%emt 0:00:10]} Nb4 {[%emt 0:00:12]} 25. Qc1 {[%emt 0:02:33]} Qb6 {[%emt 0:06:39]} 26. a3 {[%emt 0:00:11]} Na2 {[%emt 0:07:55]} 27. Qc4 {[%emt 0:02:05]} Nc3 {[%emt 0:00:11]} 28. Ng5 {[%emt 0:01:36]} Bxg5 {[%emt 0:04:50]} 29. hxg5 {[%emt 0:00:02]} Nb5 {[%emt 0:00:08]} 30. Bxc6 {[%emt 0:05:20]} Qxc6 {[%emt 0:00:04]} 31. Be3 {[%emt 0:00:14]} Nxa3 {[%emt 0:08:12]} 32. Qxc5 {[%emt 0:00:01]} Qxc5 {[%emt 0:00:28]} 33. Bxc5 {[%emt 0:00:01]} Nc2 {[%emt 0:01:33]} 34. Rb1 {[%emt 0:00:25]} f6 {[%emt 0:00:16]} 35. Rb7 {[%emt 0:00:46]} Re5 {[%emt 0:00:45]} 36. Ba7 {[%emt 0:00:51]} a4 {[%emt 0:01:00]} 37. Rc7 {[%emt 0:01:12]} Rxe2 {[%emt 0:00:22]} 38. Bc5 {[%emt 0:00:36]} a3 {[%emt 0:00:36]} 39. Ra7 {[%emt 0:00:20]} fxg5 {[%emt 0:00:34]} 40. Bxa3 {[%emt 0:00:00]} Nxa3 {[%emt 0:00:00]} 41. Rxa3 {[%emt 0:02:51]} Rd2 {[%emt 0:03:00]} 42. Ra6 {[%emt 0:00:01]} Kf7 {[%emt 0:00:11]} 43. g4 {[%emt 0:00:43]} Ke6 {[%emt 0:00:22]} 44. Kg2 {[%emt 0:01:22]} Rxd6 {[%emt 0:00:11]} 45. Ra8 {[%emt 0:00:30]} Kf7 {[%emt 0:01:42]} 46. Kf3 {[%emt 0:00:23]} g6 {[%emt 0:03:34]} 47. Kg3 {[%emt 0:02:00]} h5 {[%emt 0:00:55]} 48. gxh5 {[%emt 0:08:13]} gxh5 {[%emt 0:00:07]} 49. Rh8 {[%emt 0:00:03]} Kg6 {[%emt 0:00:52]} 50. f3 {[%emt 0:00:11]} h4+ {[%emt 0:01:42]} 51. Kh3 {[%emt 0:00:11]} Rf6 {[%emt 0:00:36]} 52. Kg2 {[%emt 0:00:10]} Kf5 {[%emt 0:00:43]} 53. Rd8 {[%emt 0:00:57]} d6 {[%emt 0:00:38]} 54. Rd7 {[%emt 0:01:45]} Kf4 {[%emt 0:01:22]} 55. Rd8 {[%emt 0:00:26]} h3+ {[%emt 0:06:51]} 56. Kxh3 {[%emt 0:01:07]} Kxf3 {[%emt 0:00:06]} 57. Kh2 {[%emt 0:00:02]} Ke4 {[%emt 0:00:47]} 58. Kg3 {[%emt 0:04:55]} d5 {[%emt 0:00:05]} 59. Kg4 {[%emt 0:00:10]} Rf5 {[%emt 0:01:09]} 60. Rd7 {[%emt 0:00:42]} Re5 {[%emt 0:00:06]} 61. Kg3 {[%emt 0:00:14]} d4 {[%emt 0:00:34]} 62. Kf2 {[%emt 0:00:04]} Kd3 {[%emt 0:00:22]} 63. Rd8 {[%emt 0:03:27]} Kc3 {[%emt 0:00:07]} 64. Rc8+ {[%emt 0:00:08]} Kd2 {[%emt 0:00:05]} 0-1

[Event "79th GEO-ch 2020"]
[Site "Tbilisi"]
[Date "2020.02.08"]
[Round "4.2"]
[White "Morchiashvili, Bachana"]
[Black "Nigalidze, Gaioz"]
[Result "0-1"]
[WhiteElo "2312"]
[BlackElo "2474"]
[Annotator "ChessBase"]
[PlyCount "74"]
[EventDate "2020.01.29"]
[EventType "k.o."]
[EventCountry "GEO"]
[SourceTitle "playchess.com"]
[Source "ChessBase"]
[SourceQuality "1"]
[TimeControl "40/5400+30:1800+30"]

1. d4 {[%emt 0:00:00]} Nf6 {[%emt 0:00:00]} 2. Bg5 {[%emt 0:00:00]} e6 {[%emt 0:00:00]} 3. e4 {[%emt 0:00:00]} h6 {[%emt 0:00:00]} 4. Bxf6 {[%emt 0:00:00]} Qxf6 {[%emt 0:00:06]} 5. c3 {[%emt 0:00:00]} d6 {[%emt 0:00:22]} 6. Bd3 {[%emt 0:00:09]} Nd7 {[%emt 0:09:01]} 7. Ne2 {[%emt 0:00:24]} a6 {[%emt 0:04:15]} 8. O-O {[%emt 0:01:18]} b6 {[%emt 0:00:01]} 9. f4 {[%emt 0:04:07]} Bb7 {[%emt 0:02:56]} 10. Nd2 {[%emt 0:01:26]} Qe7 {[%emt 0:01:24]} 11. f5 {[%emt 0:12:14]} e5 {[%emt 0:00:29]} 12. Qa4 {[%emt 0:00:41]} Qg5 {[%emt 0:01:39]} 13. Qc2 {[%emt 0:04:15]} h5 {[%emt 0:01:08]} 14. Rae1 {[%emt 0:03:37]} Be7 {[%emt 0:04:48]} 15. a4 {[%emt 0:06:34]} Nf6 {[%emt 0:06:46]} 16. Nf3 {[%emt 0:09:02]} Qe3+ {[%emt 0:04:37]} 17. Kh1 {[%emt 0:00:08]} Ng4 {[%emt 0:07:59]} 18. Nc1 {[%emt 0:16:09]} Qf4 {[%emt 0:07:05]} 19. Qe2 {[%emt 0:02:30]} Qh6 {[%emt 0:07:21]} 20. a5 {[%emt 0:07:50]} h4 {[%emt 0:06:05]} 21. axb6 {[%emt 0:02:22]} cxb6 {[%emt 0:00:22]} 22. Nxe5 {[%emt 0:02:51]} Nxe5 {[%emt 0:03:29]} 23. dxe5 {[%emt 0:00:04]} dxe5 {[%emt 0:00:07]} 24. Bc4 {[%emt 0:03:01]} h3 {[%emt 0:01:34]} 25. g3 {[%emt 0:03:16]} Rd8 {[%emt 0:08:38]} 26. Bxa6 {[%emt 0:04:04]} Rd2 {[%emt 0:05:22]} 27. Qb5+ {[%emt 0:03:36]} Bc6 {[%emt 0:02:56]} 28. Qc4 {[%emt 0:04:25]} O-O {[%emt 0:04:24]} 29. f6 {[%emt 0:00:37]} Bc5 {[%emt 0:00:42]} 30. Nd3 {[%emt 0:08:13]} gxf6 {[%emt 0:04:43]} 31. b4 {[%emt 0:01:22]} Rg2 {[%emt 0:05:09]} 32. bxc5 {[%emt 0:01:08]} Qd2 {[%emt 0:00:18]} 33. Nf2 {[%emt 0:00:31]} Rxf2 {[%emt 0:00:28]} 34. Rxf2 {[%emt 0:00:09]} Qxe1+ {[%emt 0:00:44]} 35. Rf1 {[%emt 0:00:02]} Qe3 {[%emt 0:01:13]} 36. Bb7 {[%emt 0:01:19]} b5 {[%emt 0:00:36]} 37. Qd4 {[%emt 0:00:32]} exd4 {[%emt 0:00:09]} 0-1

[Event "79th GEO-ch 2020"]
[Site "Tbilisi"]
[Date "2020.02.09"]
[Round "4.3"]
[White "Gagunashvili, Merab"]
[Black "Arutinian, David"]
[Result "1/2-1/2"]
[WhiteElo "2580"]
[BlackElo "2551"]
[Annotator "TA"]
[PlyCount "141"]
[EventDate "2020.01.29"]
[EventType "k.o."]
[EventCountry "GEO"]
[SourceTitle "playchess.com"]
[Source "ChessBase"]
[SourceQuality "1"]

{[%evp 14,141,9,7,30,16,28,38,31,15,39,16,50,16,56,52,50,42,49,32,48,14,8,14,15,11,31,19,16,18,21,13,10,7,19,0,2,8,6,0,0,0,0,0,0,-6,-9,-21,0,-6,-4,-16,0,0,0,-21,-16,-16,0,-59,-11,-79,-70,-79,-79,-79,-79,-79,-79,-79,-79,-79,-12,-79,-79,-79,-79,-79,-97,-79,-30,-63,0,-63,-63,-63,-63,-63,-65,-65,-65,-65,-65,-65,-65,-65,-63,-63,-52,-52,-52,-52,-52,-52,-52,-52,0,-52,-52,-52,-27,-27,-27,-27,-27,-27,-27,-27,-27,-27,-8,-8,-8,-8,-8,-8,-8,-52,-52,-52]} 1. Nf3 Nf6 2. c4 e6 3. g3 d5 4. Bg2 d4 5. O-O c5 6. e3 Nc6 7. exd4 cxd4 8. d3 h6 {A13: English Opening: 1...e6.} 9. Bf4 $1 {[%mdl 4] is now more promising than 9.Re1.} Bd6 10. Bxd6 Qxd6 {White is slightly better.} 11. Nbd2 O-O 12. Rc1 e5 {[#]} 13. a3 $146 (13. c5 $5 {[%cal Rc5d6]} Qc7 14. Nc4 $11) ({Predecessor:} 13. Re1 Be6 14. c5 Qc7 15. Qa4 Nd7 16. a3 a5 17. Nb3 Bxb3 18. Qxb3 a4 19. Qd5 {1-0 (42) Harikrishna,P (2730)-Godart,F (2419) Brest 2019}) 13... Qc7 14. b4 Bf5 15. Qe2 Rfe8 16. Nh4 Bh7 17. Ne4 Nxe4 18. Bxe4 Bxe4 19. Qxe4 Re6 20. Nf3 Rae8 21. Nd2 Nb8 22. c5 Nd7 23. Nc4 Nf6 24. Qg2 e4 25. Nd6 R8e7 26. dxe4 (26. Rc4 {with more complications.} exd3 27. Qf3 d2 28. Rxd4 b6 29. Rxd2 bxc5 30. Nf5) 26... Nxe4 27. Nxe4 Rxe4 28. Qf3 Qd7 {[#] White must now prevent ...d3.} 29. Rcd1 Qd5 30. Rd2 b6 31. cxb6 axb6 32. Rfd1 Rd7 (32... R7e5 {is more complex.} 33. Rf1 Qe6 34. Kg2 g6 35. Qd3 Qd5) 33. Kg2 Rd6 34. Kg1 h5 35. h4 g6 36. Rd3 (36. a4 $11) 36... Kg7 37. Qg2 (37. Kg2 $11 {remains equal.}) 37... Qe5 $17 38. a4 Re1+ 39. Kh2 Re2 40. a5 bxa5 41. bxa5 Ra2 42. Qf1 Rf6 (42... Qc5 $17) 43. R1d2 (43. Kg1 $1 $11 {keeps the balance.}) 43... Qxa5 44. Qe2 Rxd2 45. Rxd2 {[%mdl 4096] Endgame KQR-KQR} Qd5 46. Qd1 Rf3 47. Qa1 Rf6 ({Better is} 47... Kh7 $15) 48. Qxd4 (48. Qd1 $1 $11) 48... Qxd4 $15 49. Rxd4 Rxf2+ $11 {KR-KR} 50. Kg1 Rc2 51. Ra4 Kf6 52. Ra5 Ke6 53. Rb5 Rd2 54. Ra5 Rd5 55. Ra7 f6 56. Kg2 Kf5 57. Ra4 Rd2+ 58. Kf3 Rd3+ 59. Kf2 Rd5 (59... Rb3 $15) 60. Rb4 (60. Kg2 $1 $11) 60... Re5 61. Kf3 g5 62. hxg5 fxg5 63. Ra4 Rb5 64. Rc4 Rb3+ 65. Kg2 Rb2+ 66. Kg1 g4 67. Rc5+ Ke4 68. Rxh5 Kf3 69. Ra5 Re2 70. Ra3+ Re3 $1 {[%cal Re3a3]} 71. Ra1 {Accuracy: White = 83%, Black = 84%.} 1/2-1/2

[Event "79th GEO-ch 2020"]
[Site "Tbilisi"]
[Date "2020.02.09"]
[Round "4.3"]
[White "Arutinian, David"]
[Black "Gagunashvili, Merab"]
[Result "1/2-1/2"]
[WhiteElo "2551"]
[BlackElo "2580"]
[Annotator "TA"]
[PlyCount "35"]
[EventDate "2020.01.29"]
[EventType "k.o."]
[EventCountry "GEO"]
[SourceTitle "playchess.com"]
[Source "ChessBase"]
[SourceQuality "1"]

{[%evp 23,35,18,20,12,20,0,0,0,0,0,0,0,0,6]} 1. d4 d5 2. c4 c6 3. Nf3 Nf6 4. e3 Bf5 5. Nc3 e6 6. Bd3 Bxd3 7. Qxd3 Nbd7 8. O-O Be7 9. e4 dxe4 10. Nxe4 Nxe4 11. Qxe4 Nf6 12. Qe2 O-O {The position is equal.} 13. Bf4 {D12: Slav Defence: 3 Nf3 Nf6 4 e3 Bf5.} a5 {[#]} 14. b3 $146 ({Predecessor:} 14. a4 Bd6 15. Bg5 h6 16. Be3 Qc7 17. h3 Rad8 18. Rfd1 Rfe8 19. Rd3 Nh5 20. Rad1 Nf4 21. Bxf4 Bxf4 22. b3 Bd6 23. Qd2 Bb4 24. Qe2 Bd6 25. Qd2 Bb4 {½-½ (25) Gagunashvili,M (2546)-Popov,I (2644) Kolkata 2013}) 14... a4 15. h3 axb3 16. axb3 Qb6 17. Qc2 c5 18. Be3 1/2-1/2